| 000 | 03209nam a2200349Ia 4500 | ||
|---|---|---|---|
| 005 | 20170622144420.0 | ||
| 008 | 130821s1617 ne gr lat | ||
| 040 |
_aCo-BoUCM _bspa _cSandra Yazo _dSandra Yazo |
||
| 041 | 0 | _alat | |
| 082 | 0 | 4 |
_a345.04 _220 |
| 092 | _aE21N007 | ||
| 100 | 1 |
_aFarinacci, Prospero _d1554-1618 _986370 |
|
| 242 | 0 | 0 |
_aFragmentos de derecho penal. Primera parte _cPróspero Farinacci _yspa |
| 242 | 0 | 0 |
_aObras de derecho penal de Próspero Farinacci _nParte sexta _pIncluye el tratado sobre el hurto y Primera parte de fragmentos de derecho penal. _yspa |
| 245 | 1 | 0 | _aDN. Prosperi Farinacii ... operum criminalium |
| 246 | 1 | 2 | _a[Fragmenta criminalia. Pars I] |
| 246 | 1 | 3 | _a[Fragmentos de derecho penal. Primera parte] |
| 246 | 1 | 3 |
_a[Obras de derecho penal de Próspero Farinacci _nParte sexta _pIncluye el tratado sobre el hurto y Primera parte de fragmentos de derecho penal] |
| 260 |
_aDouai (Holanda) _bex officina Marci Wyon [Imprenta y tipografía de Marcos Wyon] _c1617-1618 |
||
| 300 | _a2 tomosen 1 volumen[[4], 128, [48] ; 184, [43] páginas | ||
| 500 | _aDetalles físicos: Encuadernación flexible en pergamino, piel manchada, arrugada y con deterioro en bordes y esquinas de las tapas. Conserva guardas despegadas, portada impresa a dos tintas con un grabado (representa al ave Fénix, emblema del impresor, lema latino alrededor del grabado, dice: "Doy llama (quemo) a tu ser; pero la llama me da el ser", aludiendo al tema mitológico del Ave Fénix. En las esquinas, representan escenas diversas de la vida de Cristo: Crucifixión, Sepultura, Resurrección y Ascensión). Una segunda portada impresa a una sola tinta con un grabado (una xilografía con el mismo motivo del ave Fénix y un lema latino que dice: "Vico para que viva una vida eterna"). Texto impreso en dos columnas muy densas, con diversos tipos y tamaños de letra. Márgenes amplios. Párrafos numerados. Cenefas de encabezamiento y mayúsculas capitales. Signaturas y Reclamos. Papel manchado por humedad. En la portada, varias anotaciones: "Colegio Mayor del Rosario de esta ciudad de Santa Fee", "Doctor Don Francisco de Prada, regius conciliarius" (= consejero real). Tres sellos de tinta: "Del Colegio de Ntra. Sra. del Rosario", "El Colegio de Nuestra Señora del Rosario" y "Colegio Mayor del Rosario". En el índice otra anotación: "Pertenece al Colegio Mayor de Nuestra Señora del Rosario de esta corthe. En pág. 60: "Es del Colegio Mayor de Nuestra Señora del Rosario del Real Patronato". | ||
| 500 | 0 | _aPortada de la primera obra fecha de 1618 y la segunda obra fecha de 1617 | |
| 505 | 0 | _aV.6: Tratado sobre el hurto: De la cuestión 165 a la cuestión 177 -- Fragmentos de derecho penal primera parte: explicación de conceptos y consejos de derecho penal, relacionados con diversas materias. | |
| 506 | _aConsulta en sala. | ||
| 546 | _aTexto en latín. | ||
| 650 | 0 | 4 |
_aDerecho antiguo _xObras anteriores a 1700 _912707 |
| 650 | 0 | 4 |
_aDerecho civil _912711 |
| 650 | 0 | 4 |
_aDerecho civil _xObras anteriores a 1700 _912711 |
| 650 | 0 | 4 |
_aProceso penal _xObras anteriores a 1700 _922389 |
| 700 | 1 |
_aCardon, Horacio _981157 |
|
| 942 |
_cLIBRO _a8 _e1 _2LOCAL _hE21N007 |
||
| 999 |
_c37693 _d37693 |
||